Geography Quiz

Random Geography or World Quiz

Larger than Chile Quiz Stats

 Plays Quiz Updated Aug 25, 2015

Challenge
Share
Tweet
Embed
Score 0/24 Timer 03:00
2 Plays Today
% Correct
Australia
94.8%
Argentina
94.3%
Brazil
94.2%
China
92.2%
Russia
87.3%
Mexico
86%
Democratic Republic of the Congo
85.6%
Kazakhstan
82.4%
Iran
78.4%
Mongolia
77%
Indonesia
74.3%
Turkey
68.6%
% Correct
Pakistan
62%
Chad
61.9%
Egypt
61.9%
Sudan
61.8%
Colombia
58.2%
Nigeria
55.9%
Denmark
48%
Peru
46.6%
Venezuela
43.8%
Bolivia
41.2%
Mozambique
40%
Mali
39.9%

You're not logged in!

Compare scores with friends on all Sporcle quizzes.
OR
Log In

You Might Also Like...

Show Comments

Extras

Top Quizzes Today


Score Distribution

Your Account Isn't Verified!

In order to create a playlist on Sporcle, you need to verify the email address you used during registration. Go to your Sporcle Settings to finish the process.

Report this User

Report this user for behavior that violates our Community Guidelines.

Details: